| 000 | 00380nam a22001577a 4500 | ||
|---|---|---|---|
| 005 | 20180319125527.0 | ||
| 008 | 160523b xxu||||| |||| 00| 0 eng d | ||
| 041 | _aeng | ||
| 082 |
_b4088 _a337 |
||
| 100 |
_aMannur, H.G. _9296 |
||
| 245 | _aInternational Economics | ||
| 260 |
_aNew Delhi _bAcademic Faundation _c2004 |
||
| 300 | _a453 | ||
| 650 |
_aManagement _9241 |
||
| 942 | _cBK | ||
| 999 |
_c1375 _d1375 |
||